Anciennes préfectures de France - Statistiques

Statistiques générales
  • Ce quiz a été pris 33 fois
  • Le résultat moyen est 30 sur 87
Statistiques - réponses
Dates Département Préfecture % Correct
1802-1814 Turin
81%
1848-1962 département algérien Alger
77%
1795-1814 Deux-Nèthes Anvers
77%
1848-1962 département algérien Oran
77%
1795-1814 Dyle Bruxelles
73%
1811-1814 Zuyderzée Amsterdam
69%
1805-1814 même nom que la préfecture Gênes
69%
1795-1814 Ourthe Liège
69%
1790-1800 Tarn Castres
65%
1808-1814 Arno Florence
65%
1795-1814 Escaut Gand
65%
1798-1815 Léman Genève
65%
1809-1814 même nom que la préfecture Rome
65%
1812-1814 Montserrat Barcelone
62%
1795-1814 Lys Bruges
62%
1795-1814 Sambre-et-Meuse Namur
62%
1790-1800 Bouches-du-Rhône Aix-en-Provence
58%
1811-1814 Bouches-du-Weser Brême
58%
1848-1962 département algérien Constantine
58%
1790-1800 puis 1944-1953 Manche Coutances
58%
1811-1814 Bouches-de-l'Elbe Hambourg
58%
1811-1814 Bouches-de-la-Meuse La Haye
58%
1798-1814 Roer Aix-la-Chapelle
54%
1800-1974 Var Draguignan
54%
1795-1814 Forêts Luxembourg
54%
1808-1814 Taro Parme
54%
1790-1810 Charente-Inférieure Saintes
54%
1795-1796 Basses-Pyrénées Oloron
50%
1790-1795 Cantal Saint-Flour
50%
1798-1814 Sarre Trèves
50%
avant 1799-1800 Var Brignoles
46%
1811-1814 Ems-Occidental Groningue
46%
1795-1855 Loire Montbrison
46%
1793-1814 Jemmapes Mons
42%
1790-1803 Nord Douai
38%
1790-1804 Vendée Fontenay-le-Comte
38%
1798-1814 Mont-Tonnerre Mayence
38%
1790-avant 1799 Aveyron Villefranche-de-Rouergue
38%
1798-1814 Rhin-et-Moselle Coblence
35%
1795-1814 Meuse-Inférieure Maastricht
35%
1810-1814 Bouches-du-Rhin Bois-le-Duc
31%
1797-1802 Corcyre Corfou
31%
1812-1814 Ter Gérone
31%
1793-avant 1799 Var Grasse
31%
1790-1801 Haute-Saône Gray
31%
1808-1814 Méditerrannée Livourne
31%
1808-1814 Ombrone Sienne
31%
1793 Eure Bernay
27%
1810-1814 Simplon Sion
27%
1811-1814 Yssel-Supérieur Arnhem
23%
1802-1805 Tanaro Asti
23%
1790-1795 Loire Feurs
23%
1812-1814 Bouches-de-l'Èbre Lérida
23%
1811-1814 Lippe Münster
23%
1802-1814 Marengo Alexandrie
19%
1955-1962 département algérien Bône (Annaba)
19%
1810-1814 Bouches-de-l'Escaut Middelbourg
19%
1957-1962 département algérien Sétif
19%
1811-1814 Bouches-de-l'Yssel Zwolle
19%
1958-1959 département algérien Bougie (Béjaïa)
15%
1811-1814 Frise Leeuwarden
15%
1957-1962 département algérien Mostaganem
15%
1790 Basses-Pyrénées Navarrenx
15%
1811-1814 Ems-Supérieur Osnabrück
15%
1957-1962 département algérien Tlemcen
15%
1790 Hautes-Alpes Chorges
12%
1805-1814 Montenotte Savone
12%
1797-1802 Mer-Égée Zante
12%
1797-1802 Ithaque Argostoli
8%
1811-1814 Ems-Oriental Aurich
8%
1957-1962 département algérien Batna
8%
1805-1814 Apennins Chiavari
8%
1957-1962 Saoura (Algérie) Colomb-Béchar (Béchar)
8%
1802-1814 Stura Coni
8%
1802-1814 Doire Ivrée
8%
1957-1962 département algérien Orléansville (Chlef)
8%
1812-1814 Sègre Puigcerda
8%
1809-1814 Trasimène Spolète
8%
1957-1962 département algérien Tizi-Ouzou
8%
1802-1814 Sésia Verceil
8%
1958-1959 département algérien Aumale (Sour El-Ghozlane)
4%
1790 Drôme Chabeuil
4%
1957-1962 département algérien Médéa
4%
1790 Isère Moirans
4%
1957-1962 Oasis (Algérie) Ouargla
4%
1958-1962 département algérien Saïda
4%
1957-1962 département algérien Tiaret
0%
Aucun quiz correspondant
Distribution des résultats
% des personnes avec chaque résultat
Percentile par nombre de réponses
Votre historique - résultats
Vous n’avez pas pris ce quiz